000 01305nam a2200265Ia 4500
003 OSt
005 20210513141424.0
008 210310s1998 ck gr 000 0 spa d
020 _a9589272916
040 _aCO-JMCR
_cCO-JMCR
041 0 _aspa
082 0 4 _a333.916 /
_bG177a
_223
100 1 _aGalán, Alberto,
_915220
_ecoordinador
245 0 3 _aEl agua y las organizaciones sociales :
_bcinco estudios de caso /
_ccoordinador técnico, Alberto Galán
260 _a[Bogotá] :
_bFescol : DNP,
_c1998
300 _a265 páginas ;
_c23 cm.
500 _aIncluye notas a pie de página
504 _aIncluye bibliografía al final de cada capítulo.
505 0 _aAnálisis de los cinco casos estudiados -- Informe de las cinco experiencias analizadas
520 3 _aEste libro segunda publicación del proyecto de participación ciudadana en el diseño y desarrollo de una política para el manejo integral del agua presenta los resultados de análisis de cinco estudios de caso en los cuales la sociedad civil ha participado en el manejo del recurso hídrico, así como la evaluación de los mismos.
650 1 4 _aUtilización del agua
_915500
_zColombia
650 2 4 _aAbastecimiento de agua
_zColombia
_936391
650 2 4 _aManejo de cuencas hidrográficas
_zColombia
_937615
942 _2ddc
_cBK
999 _c7802
_d7802